000 00738nam a2200205 a 4500
001 000025197
003 OSt
005 20201125102745.0
008 110211s19uu dr r 000 0 spa d
040 _aDO-SdBNP
_bspa
_cBNPHU
082 4 _a340.06
_bA837e
110 2 _aAsociación de Abogados de Ciudad Trujillo
_977405
245 0 0 _aEstatutos y decreto de incorporación de la asociación de abogados de Cuidad Trujillo.
260 _aCiudad Trujillo, República Dominicana : :
_bABC-Moya,
_c[19--?
300 _a20 p. ;
_c24 cm.
610 _aAsociación de Abogados
_zRepública Dominicana
_977417
650 4 _aColegios de abogados
_zRepública Dominicana
_977406
910 _aValidado. Control de calidad MFFF
942 _2ddc
_cLBS1
999 _c24690
_d24690